<?xml version="1.0" encoding="UTF-8"?>
<record
    xmlns:xsi="http://www.w3.org/2001/XMLSchema-instance"
    xsi:schemaLocation="http://www.loc.gov/MARC21/slim http://www.loc.gov/standards/marcxml/schema/MARC21slim.xsd"
    xmlns="http://www.loc.gov/MARC21/slim">

  <leader>00996nam a22002537a 4500</leader>
  <controlfield tag="005">20170123164149.0</controlfield>
  <datafield tag="010" ind1=" " ind2=" ">
    <subfield code="a">B-109190</subfield>
  </datafield>
  <datafield tag="020" ind1=" " ind2=" ">
    <subfield code="c">100.00</subfield>
  </datafield>
  <datafield tag="035" ind1=" " ind2=" ">
    <subfield code="a">B-109190</subfield>
  </datafield>
  <datafield tag="037" ind1=" " ind2=" ">
    <subfield code="b">Cen Lib / Ret</subfield>
  </datafield>
  <datafield tag="040" ind1=" " ind2=" ">
    <subfield code="a">DPL</subfield>
    <subfield code="b">PN</subfield>
  </datafield>
  <datafield tag="082" ind1=" " ind2=" ">
    <subfield code="a">851</subfield>
    <subfield code="b">&#xA38;&#xA70;&#xA18;&#xA47;&#xA5C;&#xA3E;</subfield>
  </datafield>
  <datafield tag="100" ind1=" " ind2=" ">
    <subfield code="a">&#xA38;&#xA70;&#xA18;&#xA47;&#xA5C;&#xA3E;, &#xA38;&#xA41;&#xA16;&#xA2A;&#xA3E;&#xA32;</subfield>
    <subfield code="9">125559</subfield>
  </datafield>
  <datafield tag="245" ind1=" " ind2=" ">
    <subfield code="a">&#xA2D;&#xA42;&#xA24; &#xA28;&#xA17;&#xA30;&#xA40;  /</subfield>
    <subfield code="c">&#xA38;&#xA41;&#xA16;&#xA2A;&#xA3E;&#xA32; &#xA38;&#xA70;&#xA18;&#xA47;&#xA30;&#xA3E; </subfield>
  </datafield>
  <datafield tag="246" ind1=" " ind2=" ">
    <subfield code="a">Bhoot nagri : poems /</subfield>
    <subfield code="b">Sukhpal Sanghera </subfield>
  </datafield>
  <datafield tag="260" ind1=" " ind2=" ">
    <subfield code="a">&#xA32;&#xA41;&#xA27;&#xA3F;&#xA06;&#xA23;&#xA3E;&#xA02;</subfield>
    <subfield code="b"> &#xA1A;&#xA47;&#xA24;&#xA28;&#xA3E; &#xA2A;&#xA4D;&#xA30;&#xA15;&#xA3E;&#xA38;&#xA3C;&#xA28;</subfield>
    <subfield code="c">2006</subfield>
  </datafield>
  <datafield tag="270" ind1=" " ind2=" ">
    <subfield code="a">&#xA1A;&#xA47;&#xA24;&#xA28;&#xA3E; &#xA2A;&#xA4D;&#xA30;&#xA15;&#xA3E;&#xA38;&#xA3C;&#xA28; &#xA2A;&#xA70;&#xA1C;&#xA3E;&#xA2C;&#xA40; &#xA2D;&#xA35;&#xA28; &#xA32;&#xA41;&#xA27;&#xA3F;&#xA06;&#xA23;&#xA3E;&#xA02; </subfield>
    <subfield code="b">&#xA32;&#xA41;&#xA27;&#xA3F;&#xA06;&#xA23;&#xA3E;&#xA02;</subfield>
    <subfield code="e">160022</subfield>
  </datafield>
  <datafield tag="300" ind1=" " ind2=" ">
    <subfield code="a">94p.</subfield>
    <subfield code="c">21cm(Hb)</subfield>
  </datafield>
  <datafield tag="650" ind1=" " ind2=" ">
    <subfield code="a">&#xA2A;&#xA70;&#xA1C;&#xA3E;&#xA2C;&#xA40; &#xA38;&#xA3E;&#xA39;&#xA3F;&#xA24;</subfield>
    <subfield code="9">125560</subfield>
  </datafield>
  <datafield tag="650" ind1=" " ind2=" ">
    <subfield code="a">Punjabi poems </subfield>
    <subfield code="9">98797</subfield>
  </datafield>
  <datafield tag="650" ind1=" " ind2=" ">
    <subfield code="a">Literature -- Punjabi </subfield>
    <subfield code="9">125561</subfield>
  </datafield>
  <datafield tag="650" ind1=" " ind2=" ">
    <subfield code="a">&#xA2A;&#xA70;&#xA1C;&#xA3E;&#xA2C;&#xA40; &#xA15;&#xA35;&#xA3F;&#xA24;&#xA3E; </subfield>
    <subfield code="9">125562</subfield>
  </datafield>
  <datafield tag="942" ind1=" " ind2=" ">
    <subfield code="2">ddc</subfield>
    <subfield code="c">PN</subfield>
    <subfield code="h">851</subfield>
    <subfield code="m">&#xA38;&#xA70;&#xA18;&#xA47;&#xA5C;&#xA3E;</subfield>
  </datafield>
  <datafield tag="999" ind1=" " ind2=" ">
    <subfield code="c">110250</subfield>
    <subfield code="d">110250</subfield>
  </datafield>
  <datafield tag="952" ind1=" " ind2=" ">
    <subfield code="0">0</subfield>
    <subfield code="1">0</subfield>
    <subfield code="4">0</subfield>
    <subfield code="7">0</subfield>
    <subfield code="a">L</subfield>
    <subfield code="b">L</subfield>
    <subfield code="d">2016-01-19</subfield>
    <subfield code="e">Cen Lib/Ret</subfield>
    <subfield code="g">100.00</subfield>
    <subfield code="l">0</subfield>
    <subfield code="o">851 &#xA38;&#xA70;&#xA18;&#xA47;&#xA5C;&#xA3E;</subfield>
    <subfield code="p">B-109190</subfield>
    <subfield code="r">2016-01-19 00:00:00</subfield>
    <subfield code="t">1</subfield>
    <subfield code="v">100.00</subfield>
    <subfield code="w">2016-01-19</subfield>
    <subfield code="y">PN</subfield>
  </datafield>
</record>
